Cursus juris canonici, Hispani, et Indici, in quo, juxta ordinem titulorum decretalium non solùm canonicae decisiones afferuntut, sed insuper additur, quod in nostro Hispaniae Regno, & Indiarum provinciis lege, consuetudine, privilegio, vel praxo statutum, & admisum est / auctore R. P. Petro Murillo Velarde, Societatis Jesu, olim in Granatensi Imperiali Regia Academia Imperialis S. Michaelis Colegii Alumno : deindè in Salmantino celeberrimo Lycaeo Collegii Majoris Conchensis violacea condecorato toga; & demùm in Pontificia, ac Regia Societatis Universitate Manilana sacrorum canonum priùs deindè sacrae theologiae cathedrarum moderatore

Detalles Bibliográficos
Autor principal: Murillo Velarde, Pedro, S. J., 1696-1753
Autor Corporativo: Real Compañía de Impresores y Libreros del Reino de España, ed
Otros Autores: Martín de Villanueva, Juan, ed
Formato: Libro
Lenguaje:Latin
Publicado: Matriti : in typographia Ulloae a Ramone Ruiz ; sumptibus Societatis Regiae Typographorum, & Bibliopolarum, 1791.
Edición:Editio tertia notis, et constitutionibus Bened. XIV illustrata, & aucta, ad mentem ipsius auctoris, & indice copioso locupletata: ex regio mandato diligentiori examine revisa, & mendis perpurgata, atque in auctoritatibus ; cura, & studio D. Joannis Martini à Villanueva, in regiis consiliis, & curia matritensi advocati, diffussior, & locupletior
Materias:
Colección:Banco de datos
Acervo:Fondo Antiguo José Gutiérrez Casillas. S.J. de la Biblioteca Eusebio F. Kino. de la Provincia Mexicana de la Compañía de Jesús
Descripción Física:2 t. ; f°
Tema general:Derecho eclesiástico
Notas:Portada tipográfica con viñeta en grabado central xilográfico. Texto a dos columnas con paginación en números arábigos, cornisas, signaturas y reclamos. Cada tomo con portada y paginación propias. Los t. 1-2 publicados en 1791. Paginación: t. 1 [25] h., 736 p.; t. 2 [8] h., 465 p., [9] h. Encuadernación en piel sobre cartón (23911, 24312, 24313). Anotaciones manuscritas en la anteportada (24312). Sello en tinta de Pedro Miguel Herrera (24312)
LEADER 02445nam a22002290004500
035 |a 3381 
041 0 |a lat 
100 1 |a Murillo Velarde, Pedro, S. J., 1696-1753 
245 1 0 |a Cursus juris canonici, Hispani, et Indici, in quo, juxta ordinem titulorum decretalium non solùm canonicae decisiones afferuntut, sed insuper additur, quod in nostro Hispaniae Regno, & Indiarum provinciis lege, consuetudine, privilegio, vel praxo statutum, & admisum est / auctore R. P. Petro Murillo Velarde, Societatis Jesu, olim in Granatensi Imperiali Regia Academia Imperialis S. Michaelis Colegii Alumno : deindè in Salmantino celeberrimo Lycaeo Collegii Majoris Conchensis violacea condecorato toga; & demùm in Pontificia, ac Regia Societatis Universitate Manilana sacrorum canonum priùs deindè sacrae theologiae cathedrarum moderatore 
250 |a Editio tertia notis, et constitutionibus Bened. XIV illustrata, & aucta, ad mentem ipsius auctoris, & indice copioso locupletata: ex regio mandato diligentiori examine revisa, & mendis perpurgata, atque in auctoritatibus ; cura, & studio D. Joannis Martini à Villanueva, in regiis consiliis, & curia matritensi advocati, diffussior, & locupletior 
260 |a Matriti : in typographia Ulloae a Ramone Ruiz ; sumptibus Societatis Regiae Typographorum, & Bibliopolarum, 1791. 
300 |a 2 t. ; f° 
500 |a Portada tipográfica con viñeta en grabado central xilográfico. Texto a dos columnas con paginación en números arábigos, cornisas, signaturas y reclamos. Cada tomo con portada y paginación propias. Los t. 1-2 publicados en 1791. Paginación: t. 1 [25] h., 736 p.; t. 2 [8] h., 465 p., [9] h. Encuadernación en piel sobre cartón (23911, 24312, 24313). Anotaciones manuscritas en la anteportada (24312). Sello en tinta de Pedro Miguel Herrera (24312) 
504 |a Al principio de cada tomo está el índice de títulos. Al final del t. 2 está el índice de cosas notables 
505 0 0 |a t. 1 Complectens Lib. I. II. et III decretalium.-- t. 2 Complectens lib. IV et lib. V decretalium 
650 1 0 |a Derecho eclesiástico 
700 1 |a Martín de Villanueva, Juan, ed. 
710 1 |a Real Compañía de Impresores y Libreros del Reino de España, ed.  
949 |a 24312 (t. 1); 23911, 24313 (t. 2) 
942 |c KINO 
943 |g Fondo Antiguo José Gutiérrez Casillas. S.J. de la Biblioteca Eusebio F. Kino. de la Provincia Mexicana de la Compañía de Jesús 
999 |c 1096270  |d 1096270